00609nam a22001817a 450000500170000001000130001702000260003003500130005603700290006903700190009808200140011710000190013124500920015026000470024227000620028930000250035150000510037620110624103740.0 aB-430997 a9780195678185c625.00 aB-430997 bOxford University Press  bAllied Pub/Ven a393.90954 aMajor, Andrea  aPious flames:cby Andrea Major beuropean encounters with sati 1500-1830 / by S.C. Dube aNew Delhi bOxford University Press c2006 aYMCA Library Building, Jai Singh RoadbNew Delhi e110001 ax, 258p. c24cm(Hb)  aincludes bibliographical references and index